|
|
|
|
| LEADER |
01010nam a2200265 a 4500 |
| 001 |
3452571 |
| 008 |
090727s1992 nyu b 000 0ceng d |
| 010 |
|
|
|a 92054276
|
| 020 |
|
|
|a 817530040X
|
| 040 |
|
|
|a DLC
|c DLC
|d DLC
|
| 082 |
0 |
0 |
|a 962/.02/0922
|a B
|2 20
|
| 100 |
1 |
|
|a Ghosh, Amitav.
|
| 245 |
1 |
0 |
|a In an antique land /
|c Amitav Ghosh.
|
| 260 |
|
|
|a New York;
|a New Delhi :
|b A.A. Knopf;
|b Ravidayal Publisher,
|c 1992.
|
| 300 |
|
|
|a 393 p. ;
|c 22 cm.
|
| 504 |
|
|
|a Includes bibliographical references (p. 357-392).
|
| 541 |
1 |
|
|e 00015377
|
| 600 |
1 |
0 |
|a Ghosh, Amitav
|x Travel
|z Egypt.
|
| 600 |
2 |
0 |
|a Ben Yijû, Abraham
|d 12th cent.
|
| 600 |
0 |
0 |
|a Bomma,
|d 12th cent.
|
| 650 |
|
0 |
|a Jewish merchants
|z Egypt
|v Biography.
|
| 650 |
|
0 |
|a Slaves
|z Egypt
|v Biography.
|
| 852 |
4 |
|
|a Ayesha Abed Library
|j General Shelf.
|
| 999 |
|
|
|c 3045
|d 3045
|
| 952 |
|
|
|0 0
|1 0
|2 ddc
|4 0
|6 962_020922000000000_GHO_1992
|7 0
|9 2758
|a BRACUL
|b BRACUL
|c GEN
|d 2009-08-30
|g 382.00
|l 9
|m 71
|o 962.020922 GHO
|p 3010015377
|q 2026-05-21
|r 2025-11-06
|s 2025-11-06
|t 1
|w 2009-08-30
|y BK
|